[Event "Niksic"]
[Site "Niksic"]
[Date "1978.??.??"]
[Round "1"]
[White "Hort, Vlastimil"]
[Black "Gligoric, Svetozar"]
[Result "1-0"]
[WhiteElo "2620"]
[BlackElo "2565"]

1.d4 Nf6 2.c4 g6 3.Nc3 Bg7 4.e4 d6 5.f3 O-O 6.Be3 e5 7.d5 c5 8.Bd3 Nh5 9.Nge2 f5
10.exf5 gxf5 11.Qd2 a6 12.a4 Nd7 13.Bg5 Qe8 14.O-O Ndf6 15.Bc2 Bd7 16.Rab1 Qc8
17.a5 Qc7 18.Na4 e4 19.Nb6 Rae8 20.Rbe1 Kh8 21.Kh1 Rg8 22.Nf4 Nxf4 23.Qxf4 Ref8
24.Qh4 Be8 25.fxe4 Nxe4 26.Bd8 Qb8 27.Be7 Rf7 28.Bxe4 fxe4 29.Qxe4 Bxb2 30.Rxf7 Bxf7
31.Qf4 Bg6 32.Nd7 Qc7 33.Bf6+  1-0

[Event "Niksic"]
[Site "Niksic"]
[Date "1978.??.??"]
[Round "2"]
[White "Ljubojevic, Ljubomir"]
[Black "Ivanovic, Bozidar"]
[Result "1-0"]
[WhiteElo "2605"]
[BlackElo "2460"]

1.e4 c5 2.Nf3 Nc6 3.d4 cxd4 4.Nxd4 Nf6 5.Nc3 d6 6.Be2 e6 7.O-O Be7 8.Be3 O-O
9.f4 Qc7 10.Kh1 Bd7 11.Qe1 Nxd4 12.Bxd4 Bc6 13.Qg3 g6 14.Bf3 Rfd8 15.a4 b6
16.Rae1 Rac8 17.h4 Be8 18.h5 Qc4 19.Rd1 Qb4 20.Qh4 e5 21.hxg6 hxg6 22.fxe5 dxe5
23.Bxe5 Nh7 24.Qh2 Rxd1 25.Rxd1 Qxb2 26.Nd5 Qa3 27.Bb2 Qd6 28.Nf6+ Qxf6 29.Bxf6 Bxf6
30.e5 Be7 31.Bd5 Ng5 32.Qh6 Ne6 33.Bxe6 fxe6 34.Rd3 Rc4 35.Rh3  1-0

[Event "Niksic"]
[Site "Niksic"]
[Date "1978.??.??"]
[Round "2"]
[White "Portisch, Lajos"]
[Black "Uhlmann, Wolfgang"]
[Result "1/2-1/2"]
[WhiteElo "2630"]
[BlackElo "2575"]

1.d4 Nf6 2.c4 g6 3.Nc3 d5 4.Nf3 Bg7 5.Qb3 dxc4 6.Qxc4 O-O 7.e4 Na6 8.Be2 c5
9.d5 e6 10.Bg5 Qb6 11.O-O exd5 12.exd5 h6 13.Bf4 Re8 14.Be5 Bf5 15.b3 Qb4
16.a3 Qxc4 17.Bxc4 Nb8 18.Nb5 Nbd7 19.Nc7 Nxe5 20.Nxe5 Nxd5 21.Nxe8 Bxe5
22.Rae1 Rxe8 23.Bxd5 Bd3 24.Bxb7 Bxf1 25.Kxf1  1/2-1/2

[Event "Niksic"]
[Site "Niksic"]
[Date "1978.??.??"]
[Round "3"]
[White "Uhlmann, Wolfgang"]
[Black "Ljubojevic, Ljubomir"]
[Result "1-0"]
[WhiteElo "2575"]
[BlackElo "2605"]

1.c4 c5 2.Nf3 g6 3.d4 Bg7 4.e4 cxd4 5.Nxd4 Nc6 6.Be3 d6 7.Nc3 a6 8.Be2 e6
9.Qd2 Ne5 10.Rd1 Qc7 11.Ndb5 axb5 12.Nxb5 Qc6 13.Nxd6+ Ke7 14.Qb4 Kf6 15.f4 g5
16.fxe5+ Kg6 17.Nxf7  1-0

[Event "Niksic"]
[Site "Niksic"]
[Date "1978.??.??"]
[Round "4"]
[White "Gligoric, Svetozar"]
[Black "Ivanovic, Bozidar"]
[Result "1-0"]
[WhiteElo "2565"]
[BlackElo "2460"]

1.d4 Nf6 2.c4 e6 3.Nc3 Bb4 4.e3 O-O 5.Bd3 d5 6.Nf3 c5 7.O-O dxc4 8.Bxc4 cxd4
9.exd4 b6 10.Bg5 Bb7 11.Re1 Nbd7 12.Rc1 Rc8 13.Bd3 Bxc3 14.bxc3 Qc7 15.Bh4 Qf4
16.Bg3 Qh6 17.c4 Rfd8 18.a4 Nh5 19.Bh4 Ndf6 20.Bg5 Bxf3 21.Qd2 Rxd4 22.Bxh6 Rg4
23.g3 gxh6 24.Be2 Bxe2 25.Rxe2 Nf4 26.Re3 Ng6 27.Qe2 h5 28.Kf1 Kg7 29.Rf3 Re4
30.Qb2 e5 31.Qb5 h4 32.h3 hxg3 33.fxg3 Rd4 34.Re1 Rc5 35.Qb1 e4 36.Rxf6 Kxf6
37.Qb2 Ke5 38.Rc1 Nf8 39.Qf2 Ne6 40.Qxf7 Rd3 41.Qxh7 Rxg3 42.Qh8+ Kf5 43.Rc2 Rf3+
44.Rf2 Rxf2+ 45.Kxf2 Rxc4 46.Qh7+ Ke5 47.Qxa7 Rc2+ 48.Kg3 Nd4 49.Qb8+ Kd5
50.Qg8+ Ke5 51.Qh8+ Kd5 52.Qh5+ Kc4 53.Kf4 Ne2+ 54.Ke3 Nc3 55.Qf7+ Kb4 56.h4 Re2+
57.Kd4 Rd2+ 58.Ke5 Rd5+ 59.Kf4 Rd1 60.Qe6 Kc5 61.h5 Nd5+ 62.Ke5 Nc3 63.Qh3 Rd5+
64.Kf4 Rd3 65.Qc8+ Kb4 66.Qa6 Nxa4 67.h6 Rh3 68.Qc8 Rh4+ 69.Kg3 Rh1 70.Kg2 Rh4
71.Qg8 Rxh6 72.Qf8+ Kc3  1-0

[Event "Niksic"]
[Site "Niksic"]
[Date "1978.??.??"]
[Round "6"]
[White "Uhlmann, Wolfgang"]
[Black "Gulko, Boris F"]
[Result "0-1"]
[WhiteElo "2575"]
[BlackElo "2565"]

1.c4 Nf6 2.Nc3 e6 3.Nf3 b6 4.e4 Bb7 5.Bd3 c5 6.Bc2 Nc6 7.d4 cxd4 8.Nxd4 Nxd4
9.Qxd4 Bc5 10.Qd1 Qc7 11.O-O h5 12.g3 Ng4 13.Bf4 Ne5 14.Nb5 Qb8 15.Qe2 f6
16.Rad1 a6 17.Nd4 g5 18.Bxe5 Qxe5 19.Qd2 h4 20.b4 Bf8 21.Nf5 O-O-O 22.Nd6+ Qxd6
23.Qxd6 Bxd6 24.Rxd6 Kc7 25.Rd2 a5 26.a3 axb4 27.axb4 Ra8 28.Rfd1 Rhd8 29.gxh4 gxh4
30.f3 Ra3 31.Kf2 f5 32.Bd3 fxe4 33.fxe4 Rf8+ 34.Ke3 e5 35.Ke2 Rf7 36.Rf1 Rxf1
37.Kxf1 d6 38.Kf2 Bc8 39.Be2 Be6 40.Rc2 Rh3 41.c5 bxc5 42.bxc5 Rxh2+ 43.Kg1 Rh3
44.Bc4 Bxc4 45.Rxc4 Rd3 46.cxd6+ Kxd6 47.Ra4 Rd4 48.Ra6+ Ke7 49.Kh2 Rxe4
50.Kh3 Kf7 51.Rh6 Rf4 52.Rb6 e4 53.Kg2 Rf6 54.Rb4 Re6 55.Kh3 e3 56.Rb1 Kf6
57.Kxh4 Kf5 58.Kg3 Ke4 59.Kg2 Rg6+ 60.Kf1 Kf3 61.Rb3 Ra6 62.Rb1 Rh6 63.Kg1 Rg6+  0-1

[Event "Niksic"]
[Site "Niksic"]
[Date "1978.??.??"]
[Round "6"]
[White "Ljubojevic, Ljubomir"]
[Black "Gligoric, Svetozar"]
[Result "0-1"]
[WhiteElo "2605"]
[BlackElo "2565"]

1.e4 e5 2.Nf3 Nc6 3.d4 exd4 4.Nxd4 Bc5 5.Nb3 Be7 6.c4 Nf6 7.Nc3 O-O 8.Be2 Re8
9.O-O a5 10.a4 d6 11.Be3 Nd7 12.Nb5 Bf6 13.Qc2 Nb4 14.Qd2 b6 15.Rad1 Bb7
16.f3 Nc5 17.Nxc5 bxc5 18.Rfe1 Qe7 19.Bf1 Rad8 20.Nc3 Bxc3 21.Qxc3 Rb8 22.Bf2 Ba8
23.Re2 Nc6 24.e5 dxe5 25.Rd5 f6 26.Rxc5 Rbd8 27.Rd2 Nd4 28.Qxa5 Nb3 29.Rxd8 Nxa5
30.Rxe8+ Qxe8 31.Rxa5 e4 32.fxe4 Bxe4 33.Rb5 Qd7 34.a5 Qd1 35.Rd5 Qa4 36.Rd4 f5
37.Be1 Kf7 38.Bc3 c5 39.Rd2 g5 40.Be2 Qc6 41.Bh5+ Ke6 42.Bd1 g4 43.g3 h5
44.Be2 Qc7 45.Bd1 h4 46.gxh4 g3 47.hxg3 Qxg3+ 48.Kf1 Qh3+ 49.Ke1 Qh1+ 50.Kf2 Qg2+
51.Ke1 Qg1+ 52.Ke2 f4 53.Rd8 Ke7 54.Rd5 Qg2+ 55.Ke1 Qg1+ 56.Ke2 f3+ 57.Kd2 Bxd5
58.cxd5 f2 59.Be2 f1=Q 60.Bxf1 Qxf1  0-1

[Event "Niksic"]
[Site "Niksic"]
[Date "1978.??.??"]
[Round "7"]
[White "Hort, Vlastimil"]
[Black "Ljubojevic, Ljubomir"]
[Result "1/2-1/2"]
[WhiteElo "2620"]
[BlackElo "2605"]

1.d4 Nf6 2.c4 c5 3.Nf3 cxd4 4.Nxd4 b6 5.Nc3 Bb7 6.f3 e6 7.e4 d6 8.Be3 Nbd7
9.Be2 Be7 10.Qd2 a6 11.O-O Qc7 12.Rac1 Rc8 13.Rfd1 O-O 14.Bf1  1/2-1/2

[Event "Niksic"]
[Site "Niksic"]
[Date "1978.??.??"]
[Round "7"]
[White "Ivanovic, Bozidar"]
[Black "Portisch, Lajos"]
[Result "0-1"]
[WhiteElo "2460"]
[BlackElo "2630"]

1.e4 e6 2.d4 d5 3.Nd2 c5 4.Ngf3 Nc6 5.exd5 exd5 6.Bb5 Bd6 7.O-O cxd4 8.Nb3 Ne7
9.Nbxd4 O-O 10.c3 Bg4 11.Qa4 Qd7 12.Be3 Rfe8 13.Rfe1 Bh5 14.Be2 Rad8 15.Qc2 Bg6
16.Bd3 Rc8 17.Bxg6 hxg6 18.Rad1 Na5 19.Qd3 Nc4 20.Bc1 Red8 21.Kh1 Nc6 22.Nxc6 bxc6
23.b3 Nb6 24.c4 dxc4 25.bxc4 Bc5 26.Qb3 Qc7 27.Ng5 Rxd1 28.Rxd1 Rd8 29.Ne4 Be7
30.c5 Nd5 31.h3 Rb8 32.Qc2 Qe5 33.f3 Rb5 34.a4 Rb7 35.Nf2 Qc3 36.Qe2 Qxc5
37.Ne4 Qb4 38.Bg5 Qxa4 39.Bxe7 Rxe7 40.Qd2 Qb3 41.Rc1 Rc7 42.Qg5 Qb4 43.Rc5 Qb8
44.Rc2 a5 45.Rb2 Qa8 46.h4 Re7 47.h5 gxh5 48.g4 Rb7 49.Re2 Rb1+ 50.Kg2 Qb8
51.Nd6 Qxd6  0-1

[Event "Niksic"]
[Site "Niksic"]
[Date "1978.??.??"]
[Round "7"]
[White "Velimirovic, Dragoljub"]
[Black "Uhlmann, Wolfgang"]
[Result "1-0"]
[WhiteElo "2520"]
[BlackElo "2575"]

1.e4 e6 2.d4 d5 3.Nd2 c5 4.exd5 exd5 5.Ngf3 Nc6 6.Bb5 Bd6 7.dxc5 Bxc5 8.Nb3 Bd6
9.O-O Ne7 10.Re1 O-O 11.h3 a6 12.Bf1 Bf5 13.Nbd4 Bg6 14.c3 Re8 15.Bg5 Qb6
16.Qb3 Qc7 17.Bxe7 Nxe7 18.Rad1 Bc5 19.Bd3 Bh5 20.Re5 Bxf3 21.Nxf3 h6 22.Bb1 Bd6
23.Re2 Rad8 24.Qc2 g6 25.Rde1 Rf8 26.Qd2 Kg7 27.Qd4+ Kh7 28.Qh4 Rd7 29.Qg4 Ng8
30.Nd4 Nf6 31.Qf3 Kg7 32.Bxg6 Kxg6 33.Qd3+ Kg7 34.Nf5+ Kg8 35.Nxh6+ Kh8 36.Qd4 Bh2+
37.Kh1 Qf4 38.g3 Qxh6 39.Kxh2 Kg7 40.Re5 Rh8 41.h4 Qg6 42.Kg2 Rh5 43.Rxh5 Qxh5
44.Re5 Qh6 45.Rg5+ Kh7 46.Rf5 Rd6 47.Kh3 Re6 48.f3 Qg6 49.g4 Ng8 50.Qd3 Kh8
51.Rh5+ Nh6 52.Qxg6 fxg6 53.Rxh6+ Kg7 54.g5 Re5 55.Kg4 Re2 56.h5 gxh5+ 57.Kxh5 Rxb2
58.Rd6 Rh2+ 59.Kg4 Rxa2 60.Kf5 Rb2 61.Rxd5 Rb6 62.f4 Rc6 63.Rd7+ Kg8 64.Rxb7 Rxc3
65.Rb6 a5 66.Kg6 Rc8 67.Ra6  1-0

[Event "Niksic"]
[Site "Niksic"]
[Date "1978.??.??"]
[Round "8"]
[White "Uhlmann, Wolfgang"]
[Black "Ivanovic, Bozidar"]
[Result "1-0"]
[WhiteElo "2575"]
[BlackElo "2460"]

1.c4 e6 2.Nc3 d5 3.d4 Nf6 4.cxd5 exd5 5.Bg5 c6 6.e3 Nbd7 7.Bd3 Bd6 8.Nf3 O-O
9.Qc2 Qa5 10.a3 Ne4 11.Bxe4 dxe4 12.Qxe4 h6 13.Bh4 Nb6 14.O-O f5 15.Qc2 Be6
16.b4 Qa6 17.Bg3 Rad8 18.Bxd6 Rxd6 19.Ne5 Bd5 20.a4 Nd7 21.b5 Qa5 22.Rfd1 Qd8
23.Rac1 Be6 24.bxc6 bxc6 25.Ne2 Bd5 26.Nf4 Nf6 27.Qc5 a6 28.Rb1 Ne4 29.Qa7 Qa8
30.Rb7 Qxa7 31.Rxa7 Nc3 32.Rc1 Rb8 33.h4 g5 34.Rxc3 gxf4 35.exf4 Rb4 36.Rg3+ Kh8
37.Ng6+ Kg8 38.Ra8+ Kg7 39.Ra7+ Kg8 40.Ne7+ Kf8 41.Nxf5 Rb1+ 42.Kh2 Rf6 43.Ne7 Bf7
44.f5 Rb4 45.Ng6+ Ke8 46.Ra8+ Kd7 47.Ne5+ Kd6 48.Rd8+  1-0

[Event "Niksic"]
[Site "Niksic"]
[Date "1978.??.??"]
[Round "8"]
[White "Hort, Vlastimil"]
[Black "Gulko, Boris F"]
[Result "0-1"]
[WhiteElo "2620"]
[BlackElo "2565"]

1.c4 c5 2.Nc3 g6 3.g3 Bg7 4.Bg2 Nc6 5.b3 e6 6.Bb2 Nge7 7.Qc1 d6 8.f4 O-O
9.Ne4 e5 10.fxe5 Nxe5 11.Nf3 f5 12.Nf2 N7c6 13.Nxe5 dxe5 14.Bd5+ Kh8 15.Bxc6 bxc6
16.Nd3 Qe7 17.Qc3 a5 18.a4 Bf6 19.Qc2 f4 20.gxf4 exf4 21.Bxf6+ Qxf6 22.Qc3 Qxc3
23.dxc3 Bg4 24.Rg1 Bh5 25.Kd2 Rad8 26.Rae1 f3 27.exf3 Rxf3 28.Re3 Rf2+ 29.Ke1 Rc2
30.Rg5 Rxc3 31.Kd2 Rxb3 32.Kc2 Ra3 33.Rge5 Rxa4 34.Rxc5 Ra3 35.Rxc6 Bg4 36.c5 Ra4
37.Ne5 Bf5+ 38.Kc1 Ra1+ 39.Kb2 Rdd1 40.Nf7+ Kg7 41.Rc7 Rdb1+ 42.Kc3  0-1

[Event "Niksic"]
[Site "Niksic"]
[Date "1978.??.??"]
[Round "11"]
[White "Vaganian, Rafael A"]
[Black "Hort, Vlastimil"]
[Result "1/2-1/2"]
[WhiteElo "2555"]
[BlackElo "2620"]

1.d4 Nf6 2.c4 c5 3.d5 e6 4.Nc3 exd5 5.cxd5 d6 6.e4 g6 7.Nf3 Bg7 8.Bg5 h6
9.Bh4 a6 10.Nd2 b5 11.a4 b4 12.Ncb1 g5 13.Bg3 Qe7 14.Be2 Nbd7 15.O-O O-O
16.Re1 Ne5 17.Qc2 Nfd7 18.Nf1 b3 19.Qd1 Rb8 20.Ne3 Nf6 21.Nd2 Rb4 22.Nec4 Nfd7
23.Ra3 Nxc4 24.Nxc4 Ne5 25.Bxe5 Bxe5 26.Rxb3 Rxa4 27.Rb6 Rb4 28.Rxb4 cxb4
29.Qa4 Bd4 30.Qxb4 Bc5 31.Qc3 Qxe4 32.Bf3 Qd4 33.Qxd4 Bxd4 34.Nxd6 Bxb2 35.Nxc8 Rxc8
36.d6 Rd8 37.Rd1 Kf8 38.Bc6 Be5 39.d7 Ke7 40.g3 Rb8 41.Kg2 Bc7  1/2-1/2

[Event "Niksic"]
[Site "Niksic"]
[Date "1978.??.??"]
[Round "11"]
[White "Velimirovic, Dragoljub"]
[Black "Ljubojevic, Ljubomir"]
[Result "0-1"]
[WhiteElo "2520"]
[BlackElo "2605"]

1.e4 c5 2.Nf3 Nc6 3.c3 e6 4.d4 d5 5.exd5 exd5 6.Bb5 Bd6 7.dxc5 Bxc5 8.O-O Ne7
9.Nbd2 O-O 10.Nb3 Bd6 11.Bg5 Bg4 12.Bh4 Qb6 13.Bd3 Ne5 14.Be2 Nc4 15.Bxe7 Bxe7
16.Qxd5 Nxb2 17.Rab1 Na4 18.Qc4 Bd7 19.Nbd4 Qd6 20.Rxb7 Rfc8 21.Nf5 Bxf5
22.Qxa4 Rxc3 23.Nd4 Be4 24.Rd7 Bc6 25.Rxd6 Bxa4 26.Ra6 Ra3 27.Bb5 Bxb5 28.Rxa3 Bxf1  0-1

[Event "Niksic"]
[Site "Niksic"]
[Date "1978.??.??"]
[Round "11"]
[White "Ivanovic, Bozidar"]
[Black "Gulko, Boris F"]
[Result "1/2-1/2"]
[WhiteElo "2460"]
[BlackElo "2565"]

1.e4 e6 2.d4 d5 3.Nd2 c5 4.Ngf3 Nc6 5.exd5 exd5 6.Bb5 Bd6 7.dxc5 Bxc5 8.O-O Ne7
9.Nb3 Bd6 10.h3 O-O 11.Nbd4 Bc7 12.Re1 Qd6 13.Bg5 Ng6 14.c4 Bd7 15.Nxc6 bxc6
16.Ba4 Rfe8 17.cxd5 cxd5 18.Rxe8+ Rxe8 19.Be3 Bb6 20.Bxb6 axb6 21.Bxd7 Qxd7
22.Qd4 Qd6 23.g3 h6 24.Rd1 Re2 25.a4 Qe6 26.Kg2 Ne7 27.Qc3 Nf5 28.Rc1 Qe4
29.Kg1 Ne3 30.Nh4 g5 31.Qf6 Rc2 32.Rxc2 Qxc2 33.fxe3 gxh4 34.gxh4 Qxa4 35.Qxb6 Qxh4
36.Qd4 Qxh3 37.b4 h5 38.b5 Qg3+ 39.Kf1 Qh3+  1/2-1/2